000 00748nam a2200289 a 4500
001 33827
003 AR-BaAGN
005 20231116150039.0
007 ta
008 220625s1991 ag |||||r|||| ||||||spa d
020 _a950-04-1110-5
040 _dAR-BaAGN
_aAR-BaAGN
_bspa
_eaacr
100 1 _aSopeña, Germán
245 1 0 _aTestimonios de nuestra época :
_bdel socialismo al liberalismo
250 _a1ª ed.
260 _aBuenos Aires :
_bEmecé,
_c1991.
300 _a368 páginas
336 _2rdacontent
_btxt
337 _2rdamedia
_bn
338 _2rdacarrier
_bnc
650 4 _aLIBERALISMO
_92541
650 4 _aSOCIALISMO
_91134
650 4 _aECONOMÍA
_91656
651 4 _aArgentina
_93645
942 _cLIBRO
999 _c33827
_d33827